| 000 | 01104cam a2200265 a 4500 | ||
|---|---|---|---|
| 005 | 20150916154454.0 | ||
| 008 | 150916s 2013xxuad fr 001 0 eng d | ||
| 020 | _a9781555708627 | ||
| 040 |
_aCO-BoUCM _bspa _cJose A. Gerena _dJose A. Gerena |
||
| 041 | 0 | _aeng | |
| 100 | 1 |
_aTumbleson, Beth E. _971570 |
|
| 245 | 1 | 0 |
_aEmbedding librarianship in learning management systems _ba how-to-do-it manual _cBeth E. Tumbleson and John J. Burke |
| 260 |
_aChicago (Illinois, Estados Unidos) _bNeal-Schuman, an imprint of the American Library Association _c2013 |
||
| 300 |
_axv, 166 páginas _bilustraciones |
||
| 504 | _aIncluye referencias bibliográficas e índices | ||
| 541 |
_aAmazon; _cCompra; _d02/10/2013; _h$122.768,46; _nc. 1. |
||
| 650 | 7 |
_aBibliotecología _910049 |
|
| 650 | 7 |
_aBibliotecas académicas _xAdministración _910026 |
|
| 650 | 7 |
_aAdministración de bibliotecas _98533 |
|
| 650 | 7 |
_aAlfabetización informacional _98804 |
|
| 690 |
_942748 _aBibliotecología |
||
| 700 | 1 |
_aBurke, John _971571 |
|
| 942 |
_2DEWEY _a1 _cLIBRO _e1 _h027.7 _mT925 |
||
| 999 |
_c300269 _d300269 |
||